| 000 | 01131nmc a2200397 a 4500 | ||
|---|---|---|---|
| 003 | AR-BaBNM | ||
| 005 | 20251128205951.0 | ||
| 008 | 218019s1995 ||||||||||||||000 | spa|| | ||
| 020 | _a84-7153-748-6 | ||
| 040 | _cAR-BaBNM | ||
| 245 | 1 | 0 |
_aLos primeros pueblos europeos _by el nacimiento de los griegos y de Roma |
| 250 | _a1ª ed. | ||
| 260 |
_aBarcelona _bBiblograf _c1995 |
||
| 300 |
_ap. om. _bil., mapas |
||
| 490 | 0 |
_aAtlas de la historia del hombre _vv. 6 |
|
| 500 | _aContiene glosario e índice de topónimos al final de la obra | ||
| 650 | 4 | _aHISTORIA ANTIGUA | |
| 650 | 4 | _aHISTORIA EUROPEA | |
| 650 | 4 | _aCIVILIZACIONES ANTIGUAS | |
| 650 | 4 | _aDERECHO ANTIGUO | |
| 650 | 4 | _aARTE | |
| 650 | 4 | _aSOCIEDAD | |
| 650 | 4 | _aECONOMIA | |
| 650 | 4 | _aCIENCIAS POLITICAS | |
| 650 | 4 | _aMITOLOGIA | |
| 650 | 4 | _aRELIGION | |
| 651 | 4 | _aRoma | |
| 651 | 4 | _aGrecia | |
| 700 | 1 |
_aDué, Andrea _edirector |
|
| 700 | 1 |
_aColas Gil, Jaume _ecoordinador |
|
| 700 | 1 |
_aRossi, Renzo _ecolaborador |
|
| 700 | 1 |
_aBearzot, Cinzia _eprologuista |
|
| 700 | 1 |
_aBignozzi, Juana _etraductor |
|
| 942 | _cBK | ||
| 998 | _cMARTIN | ||
| 999 |
_c13523 _d13523 |
||